000 00602nam a2200241Ia 4500
003 OSt
005 20220924144701.0
006 a|||||r|||| 00| 0
007 ta
008 220923b |||||||| |||| 00| 0 urd d
020 _c30
024 _a317192
037 _cTextual
040 _aARTS
_cARTS
_burd
041 _2urd
_aurd
082 _aO168,1NFSI,1, M4
100 _aAmrohvi Shafa al Faheem
_9218173
245 0 _aBaroqat
260 _c1984
650 _aURDU POETRY
942 _hO168,1NFSI,1, M4
_cTEXL
_2CC
999 _c457903
_d457903